00635nam a2200181 i 4500001000300000100002100003245007500024260004600099300002500145490004900170504002500219830004100244040000800285041000800293080001300301008004100314856009800355bg1 aGLINKA, Grzegorz 0aPowstawanie i wzrost pęknięć zmęczeniowych /cGrzegorz Glinka. aWarszawa :bWydawn. Polit. Warsz.,c1981. as. 137 :brys., tab.1 aPrace Nauk. Poli. Warsz.. Mechanika ;vZ. 75 a[Zawiera bibliogr.]. 0aPrace Nauk. Poli. Warsz..pMechanika cBPK apol a539.3/.6 s pl f |000 0 pol  uhttp://koha.tu.koszalin.pl/cgi-bin/koha/opac-detail.pl?biblionumber=20447yKatalog online BPK